String quartet in b-flat, K.458 " Hunt"; Clarinet quintet in A, K.581 /

Disimpan dalam:
Butiran Bibliografi
Pengarang Utama: Mozart, Wolfgang Amadeus, 1756-1791.
Pengarang Korporat: Budapest String Quartet. (Performer)
Pengarang-pengarang Lain: Goodman, Benny, 1909-1986. (Performer), Dvořák, Antonín, 1841-1904.
Format: Audio
Bahasa:No linguistic content
Diterbitkan: London, England : Biddulph, p1996.
Subjek-subjek:
Penanda-penanda: Tambah Penanda
Tiada Penanda, Jadilah orang pertama menanda rekod ini!
LEADER 01860njm a2200373Ia 4500
001 007780655-7
005 20150304162802.0
008 980407p19961938enkuunn n zxx d
024 1 |a 744718014026 
028 0 2 |a LAB 140  |b Biddulph 
035 0 |a ocm38908190 
040 |a OBE  |c OBE  |d HMU 
041 0 |g eng 
048 |a sa02  |a sb01  |a sc01 
048 |a wc01  |a sa02  |a sb01  |a sc01 
100 1 |a Mozart, Wolfgang Amadeus,  |d 1756-1791. 
240 1 0 |a Quartets,  |m violins (2), viola, cello,  |n K. 458,  |r B♭ major 
245 0 0 |a String quartet in b-flat, K.458  |h [sound recording] :  |b " Hunt"; Clarinet quintet in A, K.581 /  |c Mozart. String quartet in F "American / Dvorak. 
246 1 |i Title on spine of container:  |a Budapest Quartet Victor recordings 
260 |a London, England :  |b Biddulph,  |c p1996. 
300 |a 1 sound disc :  |b digital ;  |c 4 3/4 in. 
511 0 |a Benny Goodman, clarinet (in the 2nd work) ; Budapest String Quartet (Josef Roisman and Sasha Schneider, violins ; Boris Kroyt, viola ; Mischa Schneider, violoncello). 
518 |a Recorded Feb. 2, 1940 (quartets) and Apr. 25, 1938 (quintet). 
500 |a Compact disc. 
500 |a Program notes on the history of the performing ensemble ([4] p.) in container. 
505 0 |a String quartet no. 17 in B-flat, K. 458, "Hunt" (25:07) ; Clarinet quintet in A, K. 581 (27:09) / Mozart -- String quartet no. 12 in F, op. 96, "American" / Dvorak (23:37). 
650 0 |a String quartets. 
650 0 |a Quintets (Clarinet, violins (2), viola, cello) 
700 1 |a Goodman, Benny,  |d 1909-1986.  |4 prf 
700 1 2 |a Mozart, Wolfgang Amadeus,  |d 1756-1791.  |t Quintets,  |m clarinet, violins (2), viola, cello,  |n K. 581,  |r A major. 
700 1 2 |a Dvořák, Antonín,  |d 1841-1904.  |t Quartets,  |m violins (2), viola, cello,  |n B. 179,  |r F major. 
710 2 |a Budapest String Quartet.  |4 prf 
988 |a 20020608 
906 |0 OCLC